00637nam a2200217Ia 450000500170000000800410001702000260005804000190008404100120010308200160011510000220013124501030015325000120025626000430026830000140031150400190032565000200034465100190036470000260038385000100040920240409090653.0131103s9999 xx 000 0 und d a817381113XcRs.325.00 aLoreto College aEnglish a515.63bGHO aGhosh,Ram Krishna aVector analysisb Vector algebra and vector calculus cRam Krishna Ghosh and Kantish Chandra Maity a7th ed. aKolkatabNew Central Book Agencyc2011 axvi,350p  aIncludes index aVector calculus aVector algebra aMaity,Kantish Chandra aLCLIB